Statistics for Top 10 Hottest U.S. States

Click here to take the quiz!

General Stats

  • This quiz has been taken 42,179 times
  • The average score is 9 of 10

Answer Stats

°F State % Correct
71.3Florida
98%
66.0Texas
98%
61.4Arizona
92%
64.2Georgia
88%
63.6Alabama
87%
64.2Mississippi
84%
> 70Hawaii
83%
67.2Louisiana
83%
63.4South Carolina
80%
61.2Arkansas
67%

Score Distribution

Percentile by Number Answered

Percent of People with Each Score

Your Score History

You have not taken this quiz